Bratislava očami rodáka z Unitasu /

Hlavní autor: Ondrčka, Pavel, 1935-
Jazyk: Slovenština
Vydáno: Bratislava : Akademické nakladatelství CERM, 2014
Témata:
Fyzický popis: 110 stran : ilustrace ; 21 cm
Knihy
Uloženo v:
LEADER 02167nam a2200565 i 4500
001 nkc20172886021
003 CZ PrNK
005 20170517112156.0
007 ta
008 170316s2014 xr a e 000 0aslo
015 |a cnb002886021 
020 |a 978-80-7204-889-2  |q (brožováno) 
035 |a (OCoLC)987015644 
040 |a OLA001  |b cze  |e rda 
043 |a e-xo--- 
045 |a x-x- 
072 7 |a 316.7  |x Sociologie kultury. Kulturní život  |2 Konspekt  |9 1 
072 7 |a 929  |x Biografie  |2 Konspekt  |9 8 
080 |a 33-051  |2 MRF 
080 |a 929  |2 MRF 
080 |a 728.222  |2 MRF 
080 |a 316.728  |2 MRF 
080 |a (437.6)  |2 MRF 
080 |a (0:82-94)  |2 MRF 
100 1 |a Ondrčka, Pavel,  |d 1935-  |7 mzk2003175505  |4 aut 
245 1 0 |a Bratislava očami rodáka z Unitasu /  |c Pavel Ondrčka 
264 1 |a Bratislava :  |b Akademické nakladatelství CERM,  |c 2014 
300 |a 110 stran :  |b ilustrace ;  |c 21 cm 
336 |a text  |b txt  |2 rdacontent 
337 |a bez média  |b n  |2 rdamedia 
338 |a svazek  |b nc  |2 rdacarrier 
500 |a Místo vydání uvedeno na titulní stránce chybně, správně má být Brno 
600 1 7 |a Ondrčka, Pavel,  |d 1935-  |7 mzk2003175505  |2 czenas 
610 2 7 |a Unitas (bytový komplex)  |7 ko20251257607  |2 czenas 
648 7 |a 20. století  |7 ch460558  |2 czenas 
650 0 7 |a ekonomové  |7 ph119838  |z Slovensko  |y 20. století  |2 czenas 
650 0 7 |a každodenní život  |7 ph121555  |z Slovensko  |y 20. století  |2 czenas 
650 0 9 |a economists  |z Slovakia  |y 20th century  |2 eczenas 
650 0 9 |a everyday life  |z Slovakia  |y 20th century  |2 eczenas 
650 0 9 |a housing complex Unitas (Bratislava, Slovakia)  |2 eczenas 
651 7 |a Bratislava (Slovensko)  |7 ge128816  |2 czenas 
651 9 |a Bratislava (Slovakia)  |2 eczenas 
655 7 |a autobiografické vzpomínky  |7 fd131854  |2 czenas 
655 9 |a autobiographical reminiscences  |2 eczenas 
910 2 |a BOA001  |b 2-1387.740 
928 9 |a CERM 
990 |a BK 
995 |a 01 
996 6 |b 2610707110  |c 2-1387.740  |l MZK  |r Sklad / do 1 hodiny  |n 0  |p p.v.  |w 001612312  |u 000010  |a 1  |e BOA001  |j MZK50  |s P 
996 7 |b 2610707111  |c 2-1387.740  |l MZK  |r Sklad / do 1 hodiny  |n 0  |p p.v.  |w 001612312  |u 000020  |a 1  |e BOA001  |j MZK50  |s A